| 000 | 00605nam a2200217Ia 4500 | ||
|---|---|---|---|
| 005 | 20230429160509.0 | ||
| 008 | 131103s9999 xx 000 0 und d | ||
| 020 | _cRs160 | ||
| 040 | _aLoreto College | ||
| 041 | _aEnglish | ||
| 082 |
_a658 _bENG |
||
| 100 | _aEngel, Herbert M. | ||
| 245 |
_aHow to delegate _b a guide to getting things done _cby Herbert M.Engel |
||
| 260 |
_aBombay _bJaico Publishing House _c1985 |
||
| 300 | _aviii,254 p. | ||
| 504 | _aIncludes bibliographical references and index | ||
| 650 | _aManagement | ||
| 651 | _aGeneral Management | ||
| 850 | _aLCLIB | ||
| 942 | _cBK | ||
| 999 |
_c2682 _d53161 |
||